000 00402nam a2200109Ia 4500
008 170221s9999 xx 000 0 und d
100 _aPeter Baxter
245 _aStereotypes, Students’ Perceptions and Inherent Creativity: Further Australian Evidence
245 _cPeter Baxter and Marie Kavanagh
650 _xBusiness
856 _uhttp://ro.uow.edu.au/cgi/viewcontent.cgi?article=1399&context=aabfj
999 _c307830
_d307830